000
00295nam a22001337a 4500
008
171025b xxu||||| |||| 00| 0 eng d
020
_a
0871503565
041
_a
eng
080
_2
3 ED
_a
311
100
_a
55
101
_a
STA
245
_a
ELEMENTARY STATISTICS
_c
JOHNSON.R
942
_2
udc
_c
BK
999
_c
35884
_d
35884